000 00763nam a2200253Ia 4500
005 20250225203546.0
008 210303s9999 xx 000 0 und d
016 _2reto2022b
040 _aNLN
_bEnglish
050 _aBR110
_b.J3
082 _a204.24
100 _aJAMES, William
_d1842-1910
_eaut
_941404
245 4 _aThe varieties of religious experience :
_ba study in human nature /
_cWilliam James
260 _aLondon :
_bLongmans Green,
_c1952
300 _axiii, 526p.
_b; 24cm.
500 _aBibliographical footnotes
563 _a(pbk)
650 _aConversion
_946722
650 _aPhilosophy and religion
_911742
650 _aPsychology, Religious
_946553
650 _aReligion
_94684
700 _a Ratner, Joseph
_ectb
_963323
942 _cBK
999 _c25220
_d25220